Los 10 países económicamente más liberales y los 10 menos - Estadísticas

Estadísticas generales
  • Esta prueba ha sido intentada 120 veces
  • La puntuación promedio es 12 de 19
Estadísticas de respuestas
Más Liberales Continente País % Correcto
#4 Oceanía Australia
93%
#3 Oceanía Nueva Zelanda
90%
#5 Europa Suiza
84%
#9 América del Norte Canadá
82%
#2 América del Sur Venezuela
82%
#1 Asia oriental Corea del Norte
79%
#1 Asia oriental Singapur
79%
#3 América del Norte Cuba
72%
#7 Europa Reino Unido
70%
#6 Europa Irlanda
63%
#6 América del Sur Bolivia
60%
#8 Europa Dinamarca
58%
#5 África República del Congo
52%
#8 África Sudán
43%
#9 Oceanía Kiribati
37%
#10 Europa Estonia
34%
#4 África Eritrea
31%
#10 Oceanía Timor Oriental
25%
#7 África Zimbabue
24%
No se encontraron pruebas coincidentes
Distribución de puntuación
Porcentaje de gente con cada puntuación
Porcentaje por número respondido
Historial de tus puntuaciones
No has intentado esta prueba.